Statistiques concernant Top 50 Meilleurs Buteurs de la Juventus

Cliquez ici pour prendre le quiz!

Statistiques générales

  • Ce quiz a été pris 481 fois
    (381 depuis la dernière actualisation)
  • Le résultat moyen est 8 sur 50

Statistiques - réponses

ButsNatJoueur% Correct
289ITAAlessandro Del Piero
91%
65PORCristiano Ronaldo
83%
95ARGPaulo Dybala
76%
171FRADavid Trezeguet
71%
43ARGGonzalo Higuain
66%
65CZEPavel Nedved
65%
104FRAMichel Platini
54%
50ARGCarlos Tevez
44%
115ITARoberto Baggio
44%
48CHLArturo Vidal
37%
89ITAFilippo Inzaghi
35%
37ITAClaudio Marchisio
30%
44ITAPaolo Rossi
20%
167ARG/ITAOmar Sivori
13%
53ITAGianluca Vialli
12%
68ITAFabrizio Ravanelli
11%
182ITAGiampiero Boniperti
8%
105GALJohn Charles
8%
44ITAAntonio Conte
7%
178ITARoberto Bettega
6%
40ITAVincenzo Iaquinta
6%
51ITAMarco Tardelli
5%
52ITAAntonio Cabrini
3%
72ITAFranco Causio
3%
124DENJohn Hansen
3%
37DENKarl Aage Hansen
3%
37BRA/ITAJosé Altafini
2%
130ITAPietro Anastasi
2%
63ITABruno Nicolé
1%
41ITAFabio Capello
1%
113ITAFederico Munerati
1%
158ITAFelice Borel (II)
1%
79ITAGiovanni Ferrari
1%
102ITAGuglielmo Gabetto
1%
37ITAPierluigi Casiraghi
1%
88ARG/ITARaimundo Orsi
1%
39ITAAntonello Cuccureddu
0%
51ITAAntonio Vojak I
0%
51DENCarl Aage Praest
0%
69ITAErmes Mucinelli
0%
50HUNFerenc Hirzer
0%
59ITAGiampaolo Menichelli
0%
59ITAGino Stacchini
0%
43ITAGiovanni Varglien II
0%
44ITALorenzo Bona
0%
53ITAPietro Pastore
0%
39ITAPio Ferraris
0%
53ITARenato Cesarini
0%
56ALBRiza Lushta
0%
69ITAVittorio Sentimenti (III)
0%

Distribution des résultats

Percentile par nombre de réponses

% des personnes avec chaque résultat

Votre développement - résultats

Vous n’avez pas pris ce quiz depuis la dernière actualisation